Tres preguntas y un cuentito /
Guardado en:
| Autor Principal: | |
|---|---|
| Otros Autores: | |
| Formato: | Libro |
| Idioma: | Undetermined |
| Publicado: |
Buenos Aires :
Libros del Quirquincho,
1988.
|
| Edición: | 1a ed. |
| Series: | Serie blanca ;
17 |
| Materias: | |
| Etiquetas: |
Agregar Etiqueta
Sin Etiquetas, Sea el primero en etiquetar este registro!
|
| LEADER | 00893nam a22002175a 4500 | ||
|---|---|---|---|
| 001 | CEM.cems024322 | ||
| 008 | 240923s1988####ag############000#0#und#d | ||
| 005 | 20241001121113.0 | ||
| 245 | 1 | 0 | |a Tres preguntas y un cuentito / |c Laura Devetach ; dibujos de Myriam Holgado. |
| 250 | |a 1a ed. | ||
| 260 | |a Buenos Aires : |b Libros del Quirquincho, |c 1988. | ||
| 300 | |a 48 p. | ||
| 490 | 1 | |a Serie blanca ; |v 17 | |
| 505 | 0 | |a Tres preguntas y un cuentito -- Misterios del Año Nuevo -- Un tren con pajaritos -- Cuento que sube y baja -- Un regalo para el príncipe -- Un trozo de... -- Cuento redondo de plastilina -- Otro cuento del caracol Bú | |
| 020 | |a 9509732745 | ||
| 100 | 1 | |a Devetach, Laura. | |
| 700 | 1 | |a Holgado, Myriam; il. | |
| 653 | |a Literatura Argentina | ||
| 653 | |a Literatura infantil | ||
| 653 | |a Cuento infantil | ||
| 859 | |a CEMS |b BIB. CEMS - Inicial y Primaria |h A868.4 |i D497-4 |k IP |p 1072 |t Ej.1 | ||
